¿Balón de Oro o Liga de Campeones? - Estadísticas

Estadísticas generales
  • Esta prueba ha sido intentada 99 veces
  • La puntuación promedio es 36 de 50
Estadísticas de respuestas
Pregunta Respuesta % Correcto
Lionel Messi Ambos trofeos
100%
Luka Modrić Ambos trofeos
99%
Cristiano Ronaldo Ambos trofeos
94%
Andrea Pirlo Liga de Campeones de la UEFA
94%
Karim Benzema Ambos trofeos
93%
Steven Gerrard Liga de Campeones de la UEFA
93%
Andrés Iniesta Liga de Campeones de la UEFA
91%
David Beckham Liga de Campeones de la UEFA
89%
Javier Zanetti Liga de Campeones de la UEFA
89%
Neymar Liga de Campeones de la UEFA
89%
Alfredo Di Stefano Ambos trofeos
87%
Zinedine Zidane Ambos trofeos
86%
Franz Beckenbauer Ambos trofeos
85%
Marco van Basten Ambos trofeos
85%
Manuel Neuer Liga de Campeones de la UEFA
85%
Dani Alves Liga de Campeones de la UEFA
85%
Franck Ribéry Liga de Campeones de la UEFA
85%
Paolo Maldini Liga de Campeones de la UEFA
84%
Xavi Liga de Campeones de la UEFA
84%
Samuel Eto'o Liga de Campeones de la UEFA
84%
Ronaldinho Ambos trofeos
82%
Raul Liga de Campeones de la UEFA
82%
Robert Lewandowski Liga de Campeones de la UEFA
82%
Clarence Seedorf Liga de Campeones de la UEFA
82%
Oliver Kahn Liga de Campeones de la UEFA
80%
Kakà Ambos trofeos
79%
Thierry Henry Liga de Campeones de la UEFA
79%
Johan Cruyff Ambos trofeos
78%
Ryan Giggs Liga de Campeones de la UEFA
78%
Ronaldo Balón de Oro
77%
Franco Baresi Liga de Campeones de la UEFA
75%
Fabio Cannavaro Balón de Oro
74%
Andriy Shevchenko Ambos trofeos
70%
Lev Yashin Balón de Oro
67%
Michael Platini Ambos trofeos
63%
Luis Figo Ambos trofeos
63%
Roberto Baggio Balón de Oro
63%
Ferenc Puskás Liga de Campeones de la UEFA
57%
Michael Owen Balón de Oro
54%
Pavel Nedvěd Balón de Oro
51%
Stanley Matthews Balón de Oro
49%
George Weah Balón de Oro
48%
Karl-Heinz Rummenigge Ambos trofeos
45%
Rivaldo Ambos trofeos
38%
Hristo Stoichkov Ambos trofeos
38%
Omar Sivori Balón de Oro
36%
Flórián Albert Balón de Oro
33%
Josef Masopust Balón de Oro
31%
Lothar Matthäus Balón de Oro
26%
Paolo Rossi Ambos trofeos
21%
No se encontraron pruebas coincidentes
Distribución de puntuación
Porcentaje de gente con cada puntuación
Porcentaje por número respondido
Historial de tus puntuaciones
No has intentado esta prueba.